Normal view MARC view
  • MS Thesis Software Engineering.

Entry Topical Term

Number of records used in: 1

001 - CONTROL NUMBER

  • control field: 29352

003 - CONTROL NUMBER IDENTIFIER

  • control field: NUST

005 - DATE AND TIME OF LATEST TRANSACTION

  • control field: 20200812124008.0

008 - FIXED-LENGTH DATA ELEMENTS

  • fixed length control field: 200812|| aca||aabn | a|a d

040 ## - CATALOGING SOURCE

  • Original cataloging agency: NUST
  • Transcribing agency: NUST

150 ## - HEADING--TOPICAL TERM

  • Topical term or geographic name entry element: MS Thesis Software Engineering.

670 ## - SOURCE DATA FOUND

  • Source citation: Work cat.: (NUST): M Shahzad Khan. 29351, ENGG-DUAL NETWORK E PAYMENT PROTOCOL MODEL WITH TWO STEP AUTHENTICATION AND ESCROW SYSTEMS /
© 2023 Central Library, National University of Sciences and Technology. All Rights Reserved.